Lawyer2B

Bibliographic Details
Format: Electronic Journal
Language:English
Published: London : Centaur Communications
Subjects:
Online Access:Full text available from Research Library: 11/01/2008 to 12/22/2017

MARC

LEADER 00000nas a2200000 i 4500
001 ssj0001073624
003 WaSeSS
005 20200512172242.0
006 m d
007 cr n
008 131221u20uuuuuuenkb| p|s|||||| |0eng d
035 |a (WaSeSS)ssj0001073624 
040 |a WaSeSS  |b eng  |c WaSeSS  |d WaSeSS 
050 1 4 |a K115.A2 
245 0 0 |a Lawyer2B  |h [electronic resource]. 
260 |a London :  |b Centaur Communications 
310 |a Bimonthly 
506 |a License restrictions may limit access. 
588 |a Description based on: November 2008; title from title screen (ProQuest, viewed Dec. 20, 2013). 
588 |a Latest issue consulted: June 7, 2012 (viewed Dec. 20, 2013). 
650 0 |a Lawyers  |v Periodicals. 
650 0 |a Law  |v Periodicals. 
655 0 |a Electronic journals. 
856 4 0 |z Full text available from Research Library: 11/01/2008 to 12/22/2017  |u https://search.proquest.com/publication/40140